000 01052nam a2200229Ia 4500
001 L235-31514
003 IT-CnALBA
008 170116s9999||||xx |||||||||||||| ||und||
040 _aIT-CnALBA
_cIT-CnALBA
041 _aITALIANO
100 _aFUMAGALLI - FLORA P. MICHELE
245 0 _aUN OLOCAUSTO D'AMORE: TERESA MANGANIELLO. RIFLESSIONI.
250 _a1a ed.
260 _a UDINE
_bSEGNO, EDIZIONI
_c1995 [1° Ed.:1995 - Ed.Ling.Originale: 1995]
300 _a96 p.
500 _aTESTIMONIANZE SCRITTE. DIFFICOLTÀ. AMORE A DIO E AL PROSSIMO. EROISMO. POVERTÀ. AUSTERITA'. CASTITÀ. SAPIENZA. PREGHIERA. OBBEDIENZA. CONVERSIONI. GRAZIE MISTICHE.
501 _aSocietà San Paolo EM - Piazza San Paolo, 14 - 12051 ALBA (CN) (non commercial uses only) ® Copyright 2017
520 _aTESTIMONIANZE SCRITTE. DIFFICOLTÀ. AMORE A DIO E AL PROSSIMO. EROISMO. POVERTÀ. AUSTERITA'. CASTITÀ. SAPIENZA. PREGHIERA. OBBEDIENZA. CONVERSIONI. GRAZIE MISTICHE.
650 _aMARIA SS. ANGELI SANTI DEMONI
942 _cBK
957 _71
999 _a36282
_bNO
_g Copie: 1
_c290348
_d290348